[Event "It (cat.9)"]
[Site "masterchessopen.com Montreal (Canada)"]
[Date "2006.08.11"]
[Round "4"]
[White "Likavsky Tomas (SVK)"]
[Black "Mitkov Nikola (MKD)"]
[Result "1-0"]
[WhiteElo "2480"]
[BlackElo "2565"]

{ Likavsky Tomas (SVK) +2 =2 -4 Mitkov Nikola (MKD) +6 =5 -3 } 1.d4 Nf6 2.c4
e6 3.Nc3 Bb4 4.Qc2 d6 ( 4...O-O 5.a3 Bxc3+ 6.Qxc3 b6 7.Bg5 Ba6 8.Nf3 d6 9.e3
Nbd7 10.b4 c5 11.dxc5 bxc5 12.b5 Bb7 13.Bd3 d5 14.O-O h6 15.Bf4 Re8 16.Rfd1 e5
17.cxd5 e4 18.Bxe4 Nxe4 19.Qc2 Qb6 20.a4 Rac8 21.d6 Re6 { 1/2-1/2, Marzolo
Cyril 2437 - Mitkov Nikola 2539 , Mulhouse 7. 7.2004 It (cat.9) } ) 5.a3 Bxc3+
6.Qxc3 O-O 7.Bg5 ( 7.f3 Qe7 8.e4 e5 9.Be3 c5 10.d5 Ne8 11.g4 a6 12.h4 Nd7
13.h5 f6 14.Rh2 Rb8 15.b4 b5 16.cxb5 axb5 17.Rc2 c4 18.a4 Nc7 19.axb5 Nxb5
20.Qxc4 f5 21.exf5 Nd4 22.Bxd4 exd4+ 23.Be2 Ne5 24.Qxd4 Rxb4 25.Qc3 Qh4+
26.Kf1 Rf4 { ...0-1, Likavsky Tomas 2315 - Szabo Zsolt Jozsef 2430 , Dunajska
Streda 1998 It (open) } ) 7...Nbd7 8.f3 b6 ( 8...h6 9.Bh4 c5 10.dxc5 Nxc5
11.Bxf6 Qxf6 12.Qxf6 gxf6 13.e4 e5 14.O-O-O Rd8 15.Ne2 f5 16.b4 Na4 17.exf5
Bxf5 18.Ng3 Bg6 19.Ne4 b5 20.Rxd6 Bxe4 21.Rxd8+ Rxd8 22.fxe4 bxc4 23.Be2 Rd4
24.Bf3 Rd3 25.Rd1 Rxa3 26.Rd7 Nc3 27.Kb2 Nb5 28.Bh5 { ...0-1, Schmidt
Wlodzimierz 2406 - Rozentalis Eduardas 2585 , Lubniewice 2002 Ch Poland (team)
} ) 9.e4 { = } 9...c5 ( 9...Bb7 10.e5 h6 11.Bh4 g5 12.Bf2 Nh5 13.h4 Nf4
14.hxg5 hxg5 15.Nh3 Kg7 16.Nxf4 gxf4 17.Bh4 f6 18.O-O-O Rh8 19.exf6+ Kf7
20.Qd2 Nxf6 21.Qxf4 Qe7 22.Bd3 Raf8 23.Rde1 Ke8 24.Qe3 Bc8 25.Bg6+ Kd8 26.Bg5
Rfg8 27.Rxh8 Rxh8 28.Qf4 Rf8 29.Rh1 { ...1-0, Gladyszev Oleg 2446 - Lie Terje
1841 , Oslo 19. 3.2005 It (open) } ) ( 9...h6 { -0.26 CAP } ) 10.Nh3 ( 10.Bd3
Ba6 11.Ne2 Rc8 12.b3 Nxe4 13.Bxd8 Nxc3 14.Be7 Rfe8 15.Bxd6 Nxe2 16.Bxe2 cxd4
17.O-O-O Nc5 18.b4 Nb7 19.Rxd4 e5 20.Rd5 Bxc4 21.Bxc4 Rxc4+ 22.Kb2 f6 23.Rhd1
Kf7 24.b5 Rd8 25.Bb4 Rxd5 26.Rxd5 Ke6 27.Rd2 h5 28.h3 g6 29.Re2 Kf5 { ...0-1,
Gottschlich Carsten 2382 - Moiseenko Alexander 2653 , Port Erin 30. 9.2004 It
(open) } ) ( 10.dxc5 bxc5 11.Nh3 h6 12.Bxf6 Nxf6 13.O-O-O e5 14.g4 Rb8 15.Nf2
Rb6 16.Rd2 Qe7 17.Nd1 Be6 18.Bd3 Rfb8 19.Bc2 Qb7 20.Re1 Nh7 21.Re3 Qa6 22.Bd3
Bd7 23.Bf1 Ng5 24.Red3 Ne6 25.Ne3 Nd4 26.Nd5 Rb3 { 0-1, Ljubojevic Ljubomir
2559 - Kramnik Vladimir 2770 , Monaco 2000 It "Melody Amber" (blindfold) } )
10...h6 ( 10...Ba6 11.dxc5 Nxc5 12.Rd1 e5 13.Qd2 Rc8 14.Be3 Ne6 15.b3 Rc6
16.Be2 Nh5 17.O-O Qf6 18.g3 Qg6 19.g4 Nf6 20.Kh1 Bb7 21.Nf2 h5 22.g5 Nh7
23.Rg1 f5 24.gxf6 Qxf6 25.Rg2 Nf4 26.Bxf4 Qxf4 27.Qxf4 Rxf4 28.Rg6 Rf6 29.Rxf6
Nxf6 30.h4 { ...1/2-1/2, Kiriakov Petr 2553 - Nisipeanu Liviu-Dieter 2592 ,
Dubai 2002 It (open) } ) 11.Be3 ( 11.Bh4 Ba6 12.Nf2 Rc8 13.dxc5 Rxc5 14.Qd4
Qb8 15.b4 Rcc8 16.Rd1 d5 17.cxd5 Bxf1 18.Kxf1 Rc2 19.g4 Rfc8 20.Kg2 R8c4
21.Qe3 exd5 22.exd5 R4c3 23.Qd4 Rc4 24.Qe3 Qb7 25.Bxf6 Nxf6 26.Qe5 Ra2 27.Rd3
Rcc2 28.Rf1 Re2 29.Qd4 Qd7 30.d6 Rac2 { ...0-1, Sanikidze Tornike 2425 -
Kacheishvili Giorgi 2599 , Tbilisi 22. 1.2006 Ch Georgia } ) 11...cxd4 { N } (
11...Ba6 12.dxc5 Nxc5 13.Rd1 Qe7 14.b4 Ncd7 15.c5 Bxf1 16.cxd6 Qd8 17.Rxf1 Rc8
18.Qb2 Rc4 19.Rf2 Qb8 20.Rc2 Rxc2 21.Qxc2 Rc8 22.Qb2 e5 23.Nf2 Rc6 24.b5 Rxd6
25.Nd3 Qe8 26.Qc2 Qe6 27.a4 Kh7 28.Rc1 Ng8 29.Nb4 Ne7 30.Qc4 Qg6 31.Kf1 {
...1-0, Gurevich Mikhail 2667 - Emms John M 2527 , Esbjerg 2000 Cup North Sea
(cat.14) } ) ( 11...Qe7 12.Be2 Ba6 13.Rd1 Rac8 14.e5 Ne8 15.f4 f6 16.Bf2 Rc7
17.dxc5 Nxc5 18.Bh4 dxe5 19.fxe5 g5 20.exf6 Nxf6 21.Bg3 Nce4 22.Qc2 Nxg3
23.hxg3 Bb7 24.O-O Kg7 25.Qc3 e5 26.Nf2 Qc5 27.b4 Qe7 28.Rfe1 Qe6 29.Bd3 Re8
30.Rd2 Rce7 31.Rde2 { ...1-0, Jelen Igor 2372 - Sakelsek Tadej 2322 , Bled
2002 It (open) } ) ( 11...Qc7 12.d5 exd5 13.cxd5 Rb8 14.Be2 Re8 15.Nf2 b5
16.O-O a5 17.b4 Nb6 18.Qd2 axb4 19.axb4 cxb4 20.Bxb5 Nc4 21.Bxc4 Qxc4 22.Bd4
Nd7 23.Rfc1 Qb5 24.h4 Nc5 25.Rab1 Nd7 26.Nd3 b3 27.Rc3 Qa4 28.Nb2 Qb5 29.Nc4 {
1-0, Lazarev Vladimir 2500 - Vehi Bach Victor M 2395 , Biel 1997 It (open) } )
12.Qxd4 Ne8 13.Nf2 Ba6 14.Be2 Rc8 15.Rc1 Qf6 16.b4 Ne5 17.c5 Bxe2 18.Kxe2 dxc5
19.bxc5 b5 20.Nd3 Nc6 21.Qxf6 Nxf6 22.Rb1 a6 23.Nb4 Nxb4 24.axb4 Nd7 25.Ra1
Nb8 26.Bf4 Nc6 27.Bd6 Rfd8 28.Rxa6 Nxb4 29.Rb6 Ra8 30.Rd1 Rdc8 31.Rxb5 Nc6
32.Rb7 e5 33.Rd2 Ra3 34.Rdb2 h5 35.h4 Rc3 36.Kd2 Ra3 37.Ke2 Rc3 38.Kd2 Ra3
39.Rc7 Rxc7 40.Bxc7 f6 41.Bd6 Na5 42.Ke1 Kh7 43.Rb8 Nc6 44.Rb6 Ra1+ 45.Kf2
Ra2+ 46.Kg1 Nd4 47.c6 Rc2 48.c7 Ne6 49.Rb7 Rc6 50.g3 Rc1+ 51.Kf2 Rc2+ 52.Ke1
Rc1+ 53.Kd2 Rc6 54.Ke1 Rc1+ 55.Kf2 Rc2+ 56.Kf1 Rc1+ 57.Kg2 Rc2+ 58.Kh3 Rc3
59.Ra7 Kg6 60.Ra3 Rc2 61.Ra8 Nxc7 62.Rc8 Rc6 63.Bxc7 Rc3 64.Kg2 Rc2+ 65.Kf1
Rc3 66.Ke2 Kh7 67.Kf2 Rc2+ 68.Ke1 { ?! } ( 68.Ke3 { !? } 68...Rc3+ 69.Ke2 Kg6
70.f4 Kf7 71.f5 Rc2+ 72.Kd1 Rc4 73.Kd2 g6 74.Ke3 Kg7 75.Kf2 { } ) 68...Kg6 {
?! } ( 68...g5 { !? } 69.Kd1 Rc4 70.Ke2 gxh4 71.gxh4 Kg6 72.Kd3 Rc6 73.Kd2 Kf7
74.f4 exf4 75.e5 { } ) 69.Kd1 Rc3 { ?! } ( 69...Rc4 { !? } 70.Kd2 Kf7 71.Kd3
Rc6 72.g4 hxg4 73.fxg4 Ke6 74.h5 Rc1 75.Ke2 Rc2+ 76.Ke3 { } ) 70.Ke2 Kh7 71.g4
hxg4 72.fxg4 Kg6 73.Kd2 Rc6 74.Kd3 Rc1 75.Kd2 Rc4 76.Kd3 Rc1 77.g5 { ?! } (
77.Kd2 { !? } 77...Rc6 78.Ke3 Rc1 79.Kf3 Rc2 80.Kg3 Rc3+ 81.Kg2 Rc6 82.Kf1 Kf7
83.h5 Ke6 84.Ke2 Kd7 { } ) 77...fxg5 78.h5+ Kh7 79.Ke3 Rc3+ 80.Kf2 g4 81.Kg2
g6 { ?? } ( 81...Rc4 82.Kg3 g6 83.Re8 Rxc7 84.Rxe5 gxh5 85.Rxh5+ Kg6 86.Kxg4
Rc4 87.Re5 Kf6 88.Kf4 Rc1 { } ) 82.hxg6+ { ?? } ( 82.Rh8+ Kxh8 83.Bxe5+ Kg8
84.Bxc3 gxh5 85.Kg3 Kf7 86.Kh4 Kg6 87.Bd4 Kh6 88.Be3+ Kg6 89.Bf4 { } )
82...Kxg6 83.Rg8+ Kf7 84.Rg7+ Kf6 85.Rd7 Rc4 86.Bd8+ Ke6 87.Re7+ Kd6 88.Rg7
Rxe4 89.Kg3 Ke6 90.Rg6+ Kd5 91.Rg5 Kd4 92.Bf6 Kd5 93.Bh8 Ke6 94.Kh4 Re1 95.Kg3
Re4 96.Rg6+ Kf5 97.Rf6+ Kg5 98.Re6 Kf5 99.Re8 Re3+ 100.Kf2 Rf3+ 101.Kg2 Re3
102.Bg7 Re2+ 103.Kg3 Re3+ 104.Kf2 Rf3+ 105.Kg2 e4 106.Bh6 Rb3 107.Rf8+ Kg6
108.Bc1 Rc3 109.Bf4 Rf3 110.Rg8+ Kf5 111.Bh6 Rb3 112.Rg5+ Kf6 113.Rxg4 Ke5
114.Kf2 Rh3 115.Be3 Rf3+ 116.Ke2 Rf7 117.Rg5+ Rf5 118.Bd4+ Kf4 119.Be3+ Ke5
120.Rg8 Rh5 121.Ra8 Rh2+ 122.Ke1 Kd5 123.Bf4 Rb2 124.Rd8+ Ke6 125.Bd2 Rb3
126.Ke2 Ke5 127.Rc8 Kd4 128.Rd8+ Ke5 129.Rd7 Ra3 130.Rb7 Rh3 131.Be3 Rh2+
132.Bf2 Rh3 133.Rf7 Rb3 134.Be1 Rb2+ 135.Bd2 Rb3 136.Bf4+ Ke6 137.Ra7 Kf5
138.Be3 Rb2+ 139.Kd1 Rg2 140.Bd2 Ke5 141.Kc2 Kd4 142.Rd7+ Ke5 143.Kc3 Rg3+
144.Kc4 Rd3 145.Re7+ Kf5 146.Bc3 Rd8 147.Rf7+ Kg4 148.Bd4 Kg3 149.Be3 Rd3
150.Bd4 Ra3 151.Bc5 Rd3 152.Bb6 Ra3 153.Bf2+ Kg2 154.Bc5 Rg3 155.Kd4 e3
156.Kd3 Rf3 157.Re7 Rf5 158.Bxe3 Kf3 159.Bd4 Rf8 160.Re3+ Kf4 161.Be5+ Kg4
162.Rg3+ Kh5 163.Ke4 Rf7 { +1.02 CAP } 164.Rg8 Kh6 165.Kd5 Kh7 166.Rg1 Rf2
167.Ke6 Re2 168.Kf7 Kh6 169.Bf6 Kh5 170.Rg5+ Kh6 171.Rg4 Rh2 172.Rg8 { } {#r}
1-0

[Event "It (cat.8)"]
[Site "masterchessopen.com Budapest (Hungary)"]
[Date "2006.08.13"]
[Round "9"]
[White "Lorscheid Gerhard (GER)"]
[Black "Ilincic Zlatko (SRB)"]
[Result "1/2-1/2"]
[WhiteElo "2273"]
[BlackElo "2451"]

1.d4 Nf6 2.c4 e6 3.Nc3 Bb4 4.Qc2 d6 5.Bg5 c5 6.e3 Nc6 7.dxc5 dxc5 8.a3 Bxc3+
9.Qxc3 e5 10.Bd3 Bg4 11.f3 Bh5 12.Ne2 Bg6 13.O-O-O {#d} 1/2-1/2

[Event "It (open)"]
[Site "masterchessopen.com Thessaloniki (Greece)"]
[Date "2006.09.01"]
[Round "3"]
[White "Meenakshi S (IND)"]
[Black "Timoshenko Georgy (UKR)"]
[Result "0-1"]
[WhiteElo "2325"]
[BlackElo "2550"]

1.d4 Nf6 2.c4 e6 3.Nc3 Bb4 4.Qc2 d6 5.g3 O-O 6.Bg2 e5 7.dxe5 dxe5 8.a3 Bxc3+
9.Qxc3 Re8 10.Nh3 Nc6 11.O-O Nd4 12.Re1 Bf5 13.e4 Nxe4 14.Bxe4 Bxh3 15.Be3 c6
16.c5 g6 17.b4 Qd7 18.Bxd4 exd4 19.Qf3 Re5 20.Bd3 Rae8 21.Re4 Rxe4 22.Bxe4 Qe6
23.Re1 Bf5 24.Qd1 Bxe4 25.Qxd4 Qf5 26.Re3 Re6 27.Qd8+ Kg7 28.Qd4+ Kh6 29.Qd2
g5 30.Qd8 Bf3 31.Qf8+ Kh5 32.h3 Qb1+ {#R} 0-1

[Event "It (open)"]
[Site "masterchessopen.com Thessaloniki (Greece)"]
[Date "2006.09.04"]
[Round "7"]
[White "Ernst Sipke (NED)"]
[Black "Timoshenko Georgy (UKR)"]
[Result "1/2-1/2"]
[WhiteElo "2512"]
[BlackElo "2550"]

1.d4 Nf6 2.c4 e6 3.Nc3 Bb4 4.Qc2 d6 5.a3 Bxc3+ 6.Qxc3 Nbd7 7.Bg5 b6 8.e3 Bb7
9.f3 Qe7 10.Nh3 h6 11.Bxf6 Qxf6 12.Be2 c5 13.O-O Rc8 14.Rfd1 Ke7 15.Rd2 Rhd8
16.Rad1 Kf8 17.Nf2 d5 18.cxd5 exd5 19.Bb5 cxd4 20.Qb4+ Nc5 21.Qxd4 Qxd4
22.Rxd4 a6 23.Bf1 Re8 {#d} 1/2-1/2

[Event "It (open)"]
[Site "masterchessopen.com Goch (Germany)"]
[Date "2006.10.14"]
[Round "4"]
[White "Welzel Philipp (GER)"]
[Black "Kiechl Stefan (GER)"]
[Result "0-1"]
[WhiteElo "2045"]
[BlackElo "1919"]

1.d4 Nf6 2.c4 e6 3.Nc3 Bb4 4.Qc2 d6 5.Nf3 O-O 6.Bg5 h6 7.Bh4 Nbd7 8.e4 e5
9.dxe5 Nxe5 10.Nxe5 dxe5 11.Rd1 Qe7 12.Be2 c6 13.O-O Re8 14.Rfe1 Bxc3 15.Qxc3
g5 16.Bg3 Nxe4 17.Qf3 Nxg3 18.fxg3 Be6 19.Qh5 Kg7 20.Bd3 Qc5+ 21.Kh1 f5 22.h4
Bf7 23.Qf3 e4 {#R} 0-1

[Event "Bundesliga 2006/07"]
[Site "masterchessopen.com Austria"]
[Date "2006.11.04"]
[Round "2"]
[White "Dietmayer-Kraeutler Marco (AUT)"]
[Black "Hoelzl Franz (AUT)"]
[Result "1/2-1/2"]
[WhiteElo "2287"]
[BlackElo "2351"]

1.d4 Nf6 2.c4 e6 3.Nc3 Bb4 4.Qc2 d6 5.Nf3 Nbd7 6.Bd2 e5 7.e3 O-O 8.Be2 exd4
9.exd4 d5 10.cxd5 Nb6 11.a3 Be7 12.Bd3 Nbxd5 13.O-O Nxc3 14.Bxc3 g6 15.Rfe1
Nd5 16.Bc4 Nxc3 17.bxc3 {#d} 1/2-1/2

[Event "Bayern Oberliga 2006/07"]
[Site "masterchessopen.com Bayern (Germany)"]
[Date "2006.11.19"]
[Round "3"]
[White "Braun Thomas (GER)"]
[Black "Heumann Joern (GER)"]
[Result "0-1"]
[WhiteElo "2199"]
[BlackElo "2081"]

1.d4 Nf6 2.c4 e6 3.Nc3 Bb4 4.Qc2 d6 5.e4 c5 6.dxc5 dxc5 7.Nf3 Nc6 8.Bf4 Qa5
9.Rd1 O-O 10.a3 Bxc3+ 11.bxc3 Re8 12.e5 Nd7 13.Ng5 Nf8 14.Bd3 Ng6 15.Bxg6 fxg6
16.O-O Rf8 17.Qe4 Qxc3 18.Rd3 Qc2 19.Nxh7 Rxf4 20.Nf6+ Rxf6 21.exf6 Qb2 22.Rg3
Qxf6 23.Rf3 Qe7 24.Qxg6 Ne5 {#R} 0-1

[Event "Ch Ukraine (juniors) (under 16) (1/2 final)"]
[Site "masterchessopen.com Belaja Tserkov (Ukraine)"]
[Date "2006.11.22"]
[Round "7"]
[White "Golichenko Ilija (UKR)"]
[Black "Bernadskiy Vitaliy (UKR)"]
[Result "1-0"]
[WhiteElo "2292"]
[BlackElo "2439"]

1.d4 Nf6 2.c4 e6 3.Nc3 Bb4 4.Qc2 d6 5.a3 Bxc3+ 6.Qxc3 Ne4 7.Qc2 f5 8.g3 Nc6
9.Nf3 O-O 10.Bg2 Qf6 11.d5 Ne7 12.Nd2 exd5 13.cxd5 Nxd5 14.O-O Qf7 15.Nxe4
fxe4 16.Bxe4 Nf6 17.Bg2 d5 18.Bg5 c6 19.Qb3 Qh5 20.Bxf6 Rxf6 21.e4 Bh3 22.Qxb7
Re8 23.Rac1 Rh6 24.Rxc6 Bxg2 25.Rxh6 Qf3 26.Qxd5+ Kh8 27.Qh5 Qxh5 28.Rxh5 Bxf1
29.Kxf1 Rxe4 30.Rb5 Re8 31.Rb7 Ra8 32.b4 Kg8 33.b5 Kf8 34.a4 h6 35.a5 g6 36.h4
h5 37.Kg2 Kg8 38.f4 Kf8 39.g4 hxg4 40.Kg3 {#r} 1-0

[Event "Czech League 2006/07 (2nd) (c)"]
[Site "masterchessopen.com Czech Republic"]
[Date "2006.12.03"]
[Round "4"]
[White "Groh Jiri (CZE)"]
[Black "Voboril Pavel (CZE)"]
[Result "0-1"]
[WhiteElo "2154"]
[BlackElo "2055"]

1.d4 Nf6 2.c4 e6 3.Nc3 Bb4 4.Qc2 d6 5.e4 c5 6.a3 Qa5 7.dxc5 Bxc3+ 8.Qxc3 Qxc3+
9.bxc3 dxc5 10.f3 Nc6 11.Bg5 b6 12.Ne2 Ba6 13.Ng3 Nd7 14.Be2 f6 15.Bc1 Na5
16.O-O Bxc4 17.Bxc4 Nxc4 18.f4 Kf7 19.Ra2 Rhd8 20.Re2 Nf8 21.Nh1 Rd3 22.Rc2
Rad8 23.Nf2 R3d7 24.Re2 Ng6 25.g3 Ne7 26.g4 Nc6 27.e5 fxe5 28.fxe5 Kg8 29.Ne4
N6xe5 30.Ng5 Rd1 31.Nxe6 Rxf1+ 32.Kxf1 Rd1+ 33.Re1 Rxe1+ 34.Kxe1 Nxg4 35.h3
Nge5 36.Ke2 h6 37.a4 g5 38.Nc7 Kg7 39.Nd5 Kg6 40.Ne7+ Kh7 41.Nf5 h5 42.Ne7 g4
43.hxg4 hxg4 44.Nf5 Kg6 45.Ng3 Kf6 46.Ne4+ Ke6 47.Ng3 Kd5 48.Nf5 Nd6 49.Ne3+
Kc6 50.Ng2 Ne4 51.Bd2 Nxd2 52.Kxd2 Nc4+ 53.Kc2 Kd5 54.Kd3 Ne5+ 55.Ke3 Kc4
56.Ke4 Nc6 57.Ne3+ Kxc3 58.Nxg4 Kb4 59.Kd3 c4+ {#R} 0-1

[Event "It (cat.2) (b)"]
[Site "masterchessopen.com Budapest (Hungary)"]
[Date "2006.12.08"]
[Round "7"]
[White "Ernst Michael (AUT)"]
[Black "Vukovic Ivo (CRO)"]
[Result "0-1"]
[WhiteElo "2177"]
[BlackElo "2304"]

1.d4 Nf6 2.c4 e6 3.Nc3 Bb4 4.Qc2 d6 5.a3 Bxc3+ 6.Qxc3 O-O 7.Bg5 Nbd7 8.f3 Qe7
9.e4 e5 10.Bd3 exd4 11.Qxd4 Qe5 12.Qxe5 Nxe5 13.Kd2 Nfd7 14.Kc3 a5 15.b3 Nxd3
16.Kxd3 Re8 17.Ne2 f5 18.Be3 fxe4+ 19.fxe4 a4 20.b4 Ne5+ 21.Kd4 Be6 22.Rac1
Rad8 23.Bf4 c5+ 24.bxc5 dxc5+ 25.Kxc5 Nd3+ 26.Kb6 Bg4 27.Bc7 Re6+ 28.Kb5 Rc8
29.Nf4 Nxc1 30.Nxe6 Bxe6 31.Kb6 Nb3 32.Kxb7 Re8 33.e5 Bxc4 34.Bd6 h6 35.Re1
Nd4 36.Kb6 Ne6 37.h4 Bb3 38.Rc1 h5 39.g4 hxg4 40.Rg1 Rc8 41.Rxg4 Rc4 42.Rxc4
Bxc4 43.Kc6 Kf7 44.Bb4 g6 45.Bd2 Ng7 46.Bg5 Ke6 47.Bf6 Nf5 48.Kc5 Bb3 49.Kb4
Nd4 {#R} 0-1

[Event "Ch Czech Republic"]
[Site "masterchessopen.com Prague (Czech Republic)"]
[Date "2007.02.12"]
[Round "7"]
[White "Kociscak Jiri (CZE)"]
[Black "Stocek Jiri (CZE)"]
[Result "0-1"]
[WhiteElo "2223"]
[BlackElo "2578"]

1.d4 Nf6 2.c4 e6 3.Nc3 Bb4 4.Qc2 d6 5.a3 Bxc3+ 6.Qxc3 O-O 7.Bg5 Nbd7 8.e3 b6
9.Ne2 c5 10.Rd1 Qc7 11.Qc2 Ba6 12.Nc3 h6 13.Bh4 cxd4 14.Rxd4 Rac8 15.Qd1 Qb7
16.Rxd6 Bxc4 17.f3 Bxf1 18.Rxf1 b5 19.Rf2 b4 20.axb4 Qxb4 21.Bxf6 Nxf6 22.Kf1
Qc5 23.Qd4 Qa5 24.Kg1 Rfd8 25.Rd2 Rxd6 26.Qxd6 Nd5 27.Qd7 Qc5 28.Rd3 Nb4
29.Rd4 a5 30.h3 Rb8 31.Kh2 Qe5+ 32.Rf4 f6 33.Qd4 Qc7 34.Qc4 Qxc4 35.Rxc4 Nd3
36.Nd1 Nxb2 37.Nxb2 Rxb2 38.Rc7 a4 39.Ra7 Ra2 40.Kg3 a3 41.h4 h5 42.Ra5 Ra1
43.Ra7 e5 44.e4 a2 45.Kh2 g6 46.Kg3 f5 47.Kh2 fxe4 48.fxe4 Kf8 49.Kg3 Ke8
50.Ra6 Kd7 51.Ra8 Kc7 52.Ra3 Kb6 53.Kf2 Kc5 54.Ra8 Kd4 55.Ra4+ Kd3 56.Kg3 Ke3
57.Kh2 Kf4 {#R} 0-1

[Event "It (cat.1) (a)"]
[Site "masterchessopen.com Budapest (Hungary)"]
[Date "2007.04.08"]
[Round "2"]
[White "Gauri Shankar (IND)"]
[Black "Khantuev Alexander (RUS)"]
[Result "0-1"]
[WhiteElo "2251"]
[BlackElo "2297"]

1.d4 Nf6 2.c4 e6 3.Nc3 Bb4 4.Qc2 d6 5.a3 Bxc3+ 6.Qxc3 O-O 7.Bg5 Nbd7 8.e3 Re8
9.Nf3 Nf8 10.Be2 h6 11.Bh4 Ng6 12.Bg3 a5 13.Bd3 a4 14.Qc2 Ne7 15.e4 Nc6 16.O-O
e5 17.d5 Nb8 18.c5 Nbd7 19.Bb5 Rf8 20.cxd6 cxd6 21.Bxd7 Nxd7 22.Rac1 f5
23.exf5 Nc5 24.Bh4 Qe8 25.f6 Qh5 26.Bg3 Bf5 27.Qd1 Bg4 28.h3 Bxf3 29.Qxf3 Qxf3
30.gxf3 gxf6 31.f4 Rac8 32.fxe5 dxe5 33.Rc4 b5 34.Rb4 Rb8 35.Rd1 Rfd8 36.f4 e4
37.Bf2 Nd3 38.Rxe4 Rxd5 39.Rd4 Rxd4 40.Bxd4 Nxf4 41.Bxf6 Nxh3+ 42.Kh2 Nf2
43.Rg1+ Kf7 44.Bc3 Ne4 45.Rg7+ Ke6 46.Rg6+ Kd5 47.Bb4 Rc8 48.Rb6 Rc2+ 49.Kg1
Kc4 50.Rxh6 Rxb2 51.Rc6+ Kd5 52.Rb6 Rxb4 53.axb4 Kc4 54.Kf1 a3 55.Ra6 Kb3
56.Ke2 a2 57.Kd3 Nc3 58.Kd4 Na4 {#R} 0-1

[Event "It (open)"]
[Site "masterchessopen.com Cutro (Italy)"]
[Date "2007.04.26"]
[Round "4"]
[White "Vijayalakshmi Subbaraman (IND)"]
[Black "Agrest Evgenij (SWE)"]
[Result "1-0"]
[WhiteElo "2464"]
[BlackElo "2541"]

{ Vijayalakshmi Subbaraman (IND) +3 =1 -2 Agrest Evgenij (SWE) +5 =5 -5 } 1.d4
Nf6 2.c4 e6 3.Nc3 Bb4 4.Qc2 d6 5.Bg5 Nbd7 6.e3 c5 ( 6...h6 7.Bh4 Qe7 8.Ne2 c6
9.a3 Ba5 10.O-O-O g5 11.Bg3 Nh5 12.Kb1 Nxg3 13.Nxg3 Nf6 14.d5 Bd7 15.dxe6 {
1/2-1/2, Thorsteins Karl 2445 - Balashov Yuri S 2535 , Reykjavik 1989 It
(cat.9) } ) ( 6...Bxc3+ 7.bxc3 b6 8.Bd3 Bb7 9.f3 h6 10.Bh4 Qe7 11.Ne2 e5 12.e4
O-O-O 13.Bf2 Nh5 14.Qd2 g6 15.O-O-O Ng7 16.Be3 h5 17.Rhe1 h4 18.Ng1 f6 19.Bc2
g5 20.Nh3 Ne6 21.Nf2 Nf4 22.Ng4 Kb8 23.Bg1 Ka8 24.Ne3 Nb8 25.g3 hxg3 26.hxg3 {
...1/2-1/2, Gligoric Svetozar 2447 - Sokolsky Alexey, Moscow 1947 Memorial
M.Chigorin } ) 7.Bd3 Qa5 ( 7...h6 8.Bh4 cxd4 9.exd4 e5 10.Ne2 Bxc3+ 11.Nxc3
exd4 12.Nb5 O-O 13.Nxd4 Re8+ 14.Ne2 Qa5+ 15.Qd2 Qxd2+ 16.Kxd2 Ne4+ 17.Bxe4
Rxe4 18.Bg3 Rxc4 19.Rac1 d5 20.b3 Rxc1 21.Rxc1 Nf6 22.f3 Ne8 23.Nd4 Bd7 24.Rc5
Be6 25.Nb5 a6 26.Nc7 Nxc7 27.Rxc7 { ...1/2-1/2, Gagunashvili Merab 2591 -
Grischuk Alexander 2709 , Rishon le Zion 7. 9.2006 Ch World (blitz) } ) 8.Ne2
{ ? = } ( 8.Nf3 cxd4 9.exd4 Bxc3+ 10.bxc3 Qc7 11.O-O O-O 12.Nd2 h6 13.Bh4 b6
14.f3 Ba6 15.Qa4 Bb7 16.Ne4 Nxe4 17.fxe4 e5 18.Qd1 Rae8 19.Qg4 Bc8 20.Qh5 Ba6
21.Rf3 Bxc4 22.Rg3 f6 23.Qxh6 Rf7 24.Bc2 d5 25.exd5 e4 26.Qh5 Qc8 27.Rh3 Nf8 {
...1-0, Finegold Benjamin 2465 - Balashov Yuri S 2565 , Cappelle la Grande
1992 It (open) } ) 8...d5 { N } ( 8...cxd4 9.Bxf6 Nxf6 10.Nxd4 ( 10.exd4 O-O
11.O-O Bd7 12.a3 Bxc3 13.Nxc3 Qh5 14.f3 Rac8 15.Qf2 d5 16.c5 e5 17.Rae1 Rfe8
18.Ne2 e4 19.Ng3 Qg6 20.fxe4 dxe4 21.Nxe4 Ng4 22.Qg3 Bf5 23.Qf4 Nh6 24.Re3
Rcd8 25.Rg3 Qc6 26.Nd6 Bxd3 27.Rxd3 Re7 28.Rg3 { ...1-0, Maiorov Nikita 2492 -
Romanov Vladimir 2195 , Minsk 12. 4.2005 Ch Belarus (juniors) (under 20) } )
10...d5 11.cxd5 Nxd5 12.O-O Nxc3 13.bxc3 Bd6 14.Rab1 Qc7 15.f4 g6 16.Be4 O-O
17.Rf3 Rb8 18.h4 b5 19.h5 f5 20.Bd3 Bb7 21.Rg3 Bxf4 22.exf4 Qxf4 23.Qf2 Qxf2+
24.Kxf2 Kf7 25.hxg6+ hxg6 26.Rxb5 Bd5 27.Re3 Kf6 28.a4 { ...0-1, Lima Darcy
2475 - Hracek Zbynek 2530 , Moscow 1994 Olympiad } ) 9.Bxf6 Nxf6 10.cxd5 cxd4
11.Nxd4 Bxc3+ 12.bxc3 Qxd5 13.O-O O-O 14.c4 Qc5 15.Rab1 e5 16.Nb3 Qc7 17.c5
Be6 18.Nd2 h6 19.Ne4 Nd7 20.Rfc1 Kh8 21.h3 Rad8 22.Rb2 Bf5 23.Qb1 Nf6 24.Bc2
Bxe4 25.Bxe4 Nxe4 26.Qxe4 Rd7 27.Rcb1 Qxc5 28.Rxb7 Rxb7 29.Rxb7 Kg8 30.Qa4 Qc3
31.Kh2 Qd2 32.Kg3 Qd6 33.Qd7 Qg6+ 34.Kh2 Qc2 35.Rxa7 Qxf2 36.Qd3 h5 37.Qe4 Qf6
38.a4 h4 39.a5 Qg5 40.Kg1 Qg3 41.Kf1 f5 42.Qd5+ Kh7 43.Qf3 Qg5 44.a6 Rc8
45.Rxg7+ Kxg7 46.Qb7+ Kg6 47.Qxc8 Qxe3 48.Qe8+ Kf6 49.Qd8+ Ke6 { ?! } (
49...Kg6 { !? } 50.Qd6+ Kh5 51.Qd1+ Kg6 52.Qa1 Qd3+ 53.Kg1 Qe3+ 54.Kh2 Qa7
55.Qa4 Kg5 56.Qc6 { } ) 50.Qxh4 e4 51.Qe1 Qa3 52.Qe2 Ke7 53.Kf2 Qa4 54.h4 f4
55.Qb2 e3+ 56.Kf3 Qxa6 57.Qg7+ Ke8 58.Qg8+ Ke7 59.Qg7+ Ke8 60.Kxf4 Qe6 { ?! }
( 60...e2 { !? } 61.Qe5+ Kd7 62.Kf3 Qd3+ 63.Kf2 Qd2 64.Qb5+ Kd6 65.Qxe2 Qf4+
66.Qf3 Qxh4+ { } ) 61.Qh8+ Kf7 62.Qh5+ Kg7 63.Qe2 Qf6+ 64.Kxe3 Qxh4 65.Qb2+
Kh7 66.Qb7+ Kh6 67.Qc6+ Kh5 68.Qe8+ Kh6 69.Qh8+ Kg5 70.Qxh4+ Kxh4 71.Kf4 Kh5
72.Kf5 Kh6 73.g3 Kg7 74.Kg5 { +15.00 CAP } 74...Kh7 75.Kf6 Kh6 76.g4 Kh7 77.g5
Kg8 78.Kg6 { } {#r} 1-0

[Event "Ch Spain (team) (Honor gr.2)"]
[Site "masterchessopen.com Lugo (Spain)"]
[Date "2007.06.28"]
[Round "2"]
[White "Jerez Perez Alfonso (ESP)"]
[Black "Kurajica Bojan (CRO)"]
[Result "1/2-1/2"]
[WhiteElo "2393"]
[BlackElo "2554"]

1.d4 Nf6 2.c4 e6 3.Nc3 Bb4 4.Qc2 d6 5.e4 Nbd7 6.Bd3 e5 7.a3 exd4 8.axb4 dxc3
9.Qxc3 O-O 10.Ne2 Re8 11.f3 Ne5 12.O-O Nxd3 13.Qxd3 Nd7 14.Ng3 Ne5 15.Qc3 f5
16.exf5 Qf6 17.Be3 Qf7 18.c5 Bxf5 19.Rfd1 Bg6 20.Bd4 {#d} 1/2-1/2

[Event "It (open)"]
[Site "masterchessopen.com Gent (Belgium)"]
[Date "2007.07.14"]
[Round "2"]
[White "Van Hulle Yves (BEL)"]
[Black "Dgebuadze Alexandre (BEL)"]
[Result "0-1"]
[WhiteElo "2046"]
[BlackElo "2505"]

1.d4 Nf6 2.c4 e6 3.Nc3 Bb4 4.Qc2 d6 5.a3 Bxc3+ 6.Qxc3 Nbd7 7.Nf3 b6 8.g3 Bb7
9.Bg2 a5 10.b3 O-O 11.O-O c5 12.Bb2 Qc7 13.Rfd1 Rfe8 14.Rac1 h6 15.e3 Be4
16.Qd2 Qb7 17.Qe2 Ra6 18.Rd2 a4 19.bxa4 cxd4 20.exd4 Rxa4 21.Ne1 Bxg2 22.Nxg2
Rc8 23.Ne3 Ne4 24.Rdc2 Ndf6 25.f3 Ng5 26.Kg2 Qd7 27.c5 bxc5 28.dxc5 dxc5
29.Rxc5 Rxc5 30.Rxc5 Ra8 31.Bxf6 gxf6 32.Ng4 Qd4 33.Rc4 Qa1 34.a4 h5 {#R} 0-1

[Event "Ch Netherlands (open)"]
[Site "masterchessopen.com Dieren (Netherlands)"]
[Date "2007.07.24"]
[Round "1"]
[White "Struik Tjapko (NED)"]
[Black "Ikonnikov Vyacheslav (RUS)"]
[Result "0-1"]
[WhiteElo "2201"]
[BlackElo "2555"]

1.d4 Nf6 2.c4 e6 3.Nc3 Bb4 4.Qc2 d6 5.a3 Bxc3+ 6.Qxc3 c5 7.dxc5 dxc5 8.Bg5 Nc6
9.f3 e5 10.e3 Be6 11.Bd3 Qa5 12.Rc1 O-O-O 13.Ke2 Qc7 14.Qc2 h6 15.Bxf6 gxf6
16.Kf2 Rd6 17.Ne2 Rhd8 18.Rcd1 Qd7 19.Nc1 f5 20.Be2 Qe7 21.Nb3 Rxd1 22.Rxd1
Rxd1 23.Qxd1 Bxc4 24.g3 Bxe2 25.Qxe2 b6 26.Qb5 Kc7 27.Nd2 Qd7 28.Ke1 Qd5
29.Qa4 Qd3 {#R} 0-1

[Event "Cup Kaunas (open)"]
[Site "masterchessopen.com Kaunas (Lithuania)"]
[Date "2007.08.10"]
[Round "6"]
[White "Klimciauskas Domantas (LTU)"]
[Black "Tamosiunas Tomas (LTU)"]
[Result "1-0"]
[WhiteElo "2147"]
[BlackElo "1945"]

1.d4 Nf6 2.c4 e6 3.Nc3 Bb4 4.Qc2 d6 5.Bg5 Nbd7 6.e3 O-O 7.a3 Bxc3+ 8.Qxc3 c5
9.dxc5 dxc5 10.Bd3 h6 11.Bh4 Qe7 12.Nf3 e5 13.Bc2 Re8 14.O-O-O e4 15.Nd2 Qe6
16.Rhg1 b6 17.g4 g5 18.Bg3 Bb7 19.h4 Ne5 20.hxg5 hxg5 21.Rh1 Nexg4 22.Rh3 Kf8
23.Rdh1 Ke7 24.Bd1 Red8 25.Bxg4 Nxg4 26.Rh5 Rd3 27.Qg7 Qf6 28.Qxg5 Qxg5
29.Rxg5 Rad8 30.Rxg4 Rxd2 31.Bh4+ Ke6 32.Bxd8 Rxd8 33.Rh6+ Ke7 34.Rg5 Rd3
35.Re5+ Kf8 36.Rf6 Rd7 37.Kc2 Kg7 38.Rf4 Kg6 39.b4 Rc7 40.bxc5 bxc5 41.Rff5
{#r} 1-0